E88(京滋バイパス)のIC - Statistics

General Stats
  • This quiz has been taken 80 times
  • The average score is 8 of 11
Answer Stats
京滋バイパス % Correct
JCT/IC 大山崎
90%
JCT/IC 瀬田東
89%
JCT 久御山
85%
IC 久御山
85%
IC 宇治東
84%
IC 宇治西
84%
IC 巨椋
71%
IC 石山
66%
IC 南郷
65%
IC 久御山淀
58%
IC 笠取
56%
No matching quizzes found
Score Distribution
Percent of People with Each Score
Percentile by Number Answered
Your Score History
You have not taken this quiz